LEADER 00884nam0-22003011i-450- 001 990008033240403321 005 20050503114204.0 010 $a88-348-4467-X 035 $a000803324 035 $aFED01000803324 035 $a(Aleph)000803324FED01 035 $a000803324 100 $a20050330d2004----km-y0itay50------ba 101 0 $aita 102 $aIT 105 $ay---n---001yy 200 1 $a<>sistema americano dei diritti umani$ecircolazione e mutamento di una international legal tradition$fAngela Di Stasi 210 $aTorino$cGiappichelli$d2004 215 $aXV, 431 p.$d24 cm 676 $a342$v11a$zita 700 1$aDi Stasi,$bAngela$0267854 801 0$aIT$bUNINA$gRICA$2UNIMARC 901 $aBK 912 $a990008033240403321 952 $aIX A 104$b6085$fDDCIC 959 $aDDCIC 996 $aSistema americano dei diritti umani$9755095 997 $aUNINA